| 000 | 01355cam a2200301 4500 | ||
|---|---|---|---|
| 008 | 090401t1998 xxu||||| |||| 00| 0 eng d | ||
| 020 | _a1902375033 | ||
| 035 | _a(Sirsi) u87373 | ||
| 041 | _aeng | ||
| 050 | _a346.41032 | ||
| 100 | _aBrown, Nigel | ||
| 245 | _aLet the builder beware? A guide to appointments and collateral warranties on construction projects. | ||
| 250 | _a2nd ed. | ||
| 260 |
_aOxford _bChandos Publishing (Oxford) Limited _c1998 |
||
| 300 | _axiv,99p. ; 28cm. | ||
| 350 | _a59.95 | ||
| 520 | _aThe author, a partner at Manches & Co.,sets out the complex relationships that exist on construction projects. He looks at the consequences of defective design or construction and examines the steps that each party can take to limit potential liability. | ||
| 650 | _aMANAGEMENT-DISPUTE AVOIDANCE, MANAGEMENT AND RESOLUTION-DISPUTE MANAGEMENT AND RESOLUTION-ALTERNATIVE DISPUTE RESOLUTION-ADJUDICATION | ||
| 650 | _aBUILT ENVIRONMENT-BUILDING CONTRACT FORMS | ||
| 650 | _aBUILT ENVIRONMENT-BUILDING CONTRACT FORMS-CONSTRUCTION COLLATERAL WARRANTY FORMS | ||
| 650 | _aCONSTRUCTION PROJECTS | ||
| 650 | _aHOUSING GRANTS CONSTRUCTION AND REGENERATION ACT 1996 | ||
| 650 | _aLATENT DEFECTS INSURANCE | ||
| 650 | _aSCHEME FOR CONSTRUCTION CONTRACTS | ||
| 690 | _aBUILT ENVIRONMENT | ||
| 942 | _n0 | ||
| 948 | _c13/07/1998 | ||
| 999 |
_c97230 _d97230 |
||